000 00707nam a22002411c 4500
001 a987689239
008 171121s2015 gw |||| 000u eng d
020 _a9781498510707
_9978-14-9851-0707
041 _aeng
100 1 _aLaruelle, Marlene
245 0 0 _aEurasianism and the European far right :
_breshaping the Europe-Russia relationship /
_cEdited by Marlene Laruelle
264 _aLondon :
_bLexington Books,
_c2015
300 _a292 Seiten
600 0 _aDugin, Aleksandr Gelevič
650 0 _aMitgliedsstaaten
650 0 _aRechtspartei
650 0 _aInternationale Politik
650 0 _aNationalismus
651 0 _aRussland
942 _cMG
040 _cRU-10907106
003 RU-10907106
999 _c49553
_d49553